Welcome to CU Library Online Public Access Catalogue (OPAC)

your guide to marriage (Record no. 4663)

MARC details
000 -LEADER
fixed length control field 00483cam a22001573 4500
001 - CONTROL NUMBER
control field FRBNF451861800000009
003 - CONTROL NUMBER IDENTIFIER
control field http://catalogue.bnf.fr/ark:/12148/cb451861806
005 - DATE AND TIME OF LATEST TRANSACTION
control field 20250310153944.0
008 - FIXED-LENGTH DATA ELEMENTS--GENERAL INFORMATION
fixed length control field 250310b |||||||| |||| 00| 0 eng d
100 ## - MAIN ENTRY--PERSONAL NAME
Personal name BOAKYE, John
245 ## - TITLE STATEMENT
Title your guide to marriage
260 ## - PUBLICATION, DISTRIBUTION, ETC.
Place of publication, distribution, etc. Accra
Name of publisher, distributor, etc. Love Unlimited press
Date of publication, distribution, etc. 2014c
300 ## - PHYSICAL DESCRIPTION
Extent Bibliogr. p. 263-288. Index
700 ## - ADDED ENTRY--PERSONAL NAME
Materials specified 17132244
Arranged statement for music ISNI0000000455089663
Personal name Inge
Numeration Anabel
Relationship 070
942 ## - ADDED ENTRY ELEMENTS (KOHA)
Source of classification or shelving scheme Library of Congress Classification
Koha item type Books
Suppress in OPAC No
999 ## -
-- 4663
-- 4663
Holdings
Withdrawn status Lost status Source of classification or shelving scheme Damaged status Not for loan Collection Home library Current library Shelving location Date acquired Total checkouts Full call number Barcode Date last seen Copy number Price effective from Koha item type
    Library of Congress Classification     Non-fiction Graduate Library (Christ Temple) Graduate Library (Christ Temple) General stacks 03/10/2025   BV 4012.27 BOA GSCT00000597 03/10/2025 1 03/10/2025 Books
    Library of Congress Classification     Non-fiction Graduate Library (Christ Temple) Graduate Library (Christ Temple) General stacks 03/10/2025   BV 4012.27 BOA GSCT00000598 03/10/2025 2 03/10/2025 Books
© 2023-2024 Copyright: Central University Libraries. All Rights Reserved | Created by: Mahone Tech Office